beach life-in-death lyrics - Statistics

General Stats
  • This quiz has been taken 246 times
  • The average score is 739 of 846
Answer Stats
Lyric % Correct
a
99%
I
99%
the
99%
The
99%
you
99%
You
99%
O
98%
was
98%
an
97%
me
97%
to
97%
we
97%
We
97%
Where
97%
and
96%
And
96%
in
96%
In
96%
It
96%
it
96%
when
96%
When
96%
at
95%
At
95%
be
95%
by
95%
Last
95%
of
95%
want
95%
do?
94%
Do
94%
Go
94%
go?
94%
go
94%
he
94%
my
94%
My
94%
on
94%
put
94%
so
94%
So
94%
wanted
94%
were
94%
we're
94%
about
93%
around
93%
back
93%
night
93%
that
93%
That
93%
thought
93%
What
93%
what
93%
came
92%
can
92%
drove
92%
Ocean
92%
ocean
92%
out
92%
station
92%
train
92%
your
92%
Your
92%
all
91%
beach
91%
for
91%
no
91%
There
91%
there
91%
arms
90%
But
90%
don't
90%
friend
90%
have
90%
into
90%
it's
90%
It's
90%
limit
90%
said
90%
should
90%
speed
90%
still
90%
this
90%
again
89%
As
89%
big
89%
breakfast
89%
dinner
89%
Eat
89%
human
89%
lunch
89%
powerful
89%
stop
89%
store
89%
ten
89%
with
89%
With
89%
against
88%
backseat
88%
bed
88%
death
88%
dog
88%
dogs?
88%
friend's
88%
friends
88%
get
88%
Get
88%
had
88%
kill
88%
looked
88%
never
88%
our
88%
over
88%
river
88%
road
88%
rocks
88%
She
88%
signs
88%
some
88%
tracks
88%
try
88%
up
88%
warn
88%
almost
87%
been.
87%
been
87%
decreasing
87%
Ferry
87%
funny
87%
little
87%
monopoly
87%
not
87%
say
87%
say,
87%
something
87%
town
87%
washed
87%
am
86%
conductor
86%
drunk
86%
grave
86%
halfway
86%
Harper's
86%
kept
86%
mine
86%
raining
86%
Skype
86%
take
86%
threw
86%
underneath
86%
wasn't
86%
board
85%
gone
85%
week
85%
woke
85%
brain's
84%
changed
84%
City
84%
goodbye
84%
love
84%
trying
84%
"what's
84%
cut
83%
find
83%
from
83%
humans
83%
is
83%
leave
83%
motif"
83%
reaction
83%
schizophrenia
83%
taken
83%
Apply
82%
Because
82%
being
82%
dreamed
82%
face
82%
hated
82%
heads
82%
insane
82%
jobs
82%
knew
82%
Ma,
82%
more
82%
pretended
82%
subject
82%
suggested
82%
wrote
82%
year
82%
couldn't
81%
if
81%
incapable
81%
inhuman
81%
sadness
81%
soul
81%
then
81%
boyfriends
80%
completely
80%
could've
80%
home
80%
I'll
80%
met
80%
scene
80%
spent
80%
yet
80%
anti-depression
79%
called
79%
drugs
79%
eaten
79%
eaten,
79%
entered
79%
groceries,
79%
Groceries,
79%
groceries
79%
Groceries
79%
hoods
79%
hurts
79%
know
79%
laughed
79%
limits
79%
time
79%
warned
79%
brother
78%
I'm
78%
real
78%
they
78%
They
78%
fags,
77%
left
77%
one
77%
soulless
77%
their
77%
ears
76%
first
76%
Illinois
76%
sea
76%
since
76%
funeral
75%
looking
75%
mother
75%
nature
75%
pass
75%
Running
75%
any
74%
enough
74%
meant
74%
perked
74%
laws
73%
living
73%
next
73%
saw
73%
video
73%
well
73%
use
72%
hoped
71%
impossible
71%
related
71%
tell
71%
Took
71%
children
70%
coming
70%
Disney
70%
him
70%
listening
70%
nice
70%
nightmare
70%
sex
70%
tried
70%
uncontrollably
70%
sonar
69%
yearns
69%
crimes
68%
means
68%
see
68%
systems
68%
unreal
68%
favorite
67%
finally
67%
frightening
67%
Ran
67%
using
67%
Walt
67%
studios
66%
turn
66%
ancients
65%
Except
65%
found
65%
open
65%
them
65%
everything
64%
fugitive
64%
gravity
64%
inside
64%
Satanist
64%
braces
63%
feel
63%
fish
63%
flashlight
63%
inseparable
63%
kissing
63%
Other
63%
significant
63%
young
63%
are
62%
capital
62%
lips
61%
smile
61%
morning
60%
singing
60%
Oh
59%
you'll
59%
let
58%
lots
58%
told
56%
business
55%
fell
55%
please
55%
pretty
55%
soon
55%
fucked
54%
tales
54%
fundamental
53%
grew
53%
join
51%
suits
51%
alone
50%
cult
50%
walk
50%
everyone
49%
talk
49%
schemas
48%
colors
47%
feet
45%
paint
45%
weak
43%
early
42%
start
42%
night-time
41%
knees
40%
mall
40%
nothing
40%
doctors,
32%
visit
31%
No matching quizzes found
Score Distribution
Percent of People with Each Score
Percentile by Number Answered
Your Score History
You have not taken this quiz